• 首页
  • 本馆介绍
  • 公告通知
  • 最新文献
  • 馆藏检索
  • 电子资源
  • 读者导购
  • 参考咨询
  • 我的图书馆
  • 登录
  • 详细信息显示
  • 放入我的书架
  • 预约/预借图书
  • 作者相关作品
  • 分类相关作品
  • 丛书相关作品
  • 出版社相关作品

书目信息

  • 表格格式
  • 工作单格式
  • 卡片格式
题名:
服装
    
 
作者: 汪洋 编著
分册:  
出版信息: 北京   昆仑出版社  2001
页数: 157页
开本: 21cm
丛书名: 时尚品味丛书
单 册:
中图分类: TS941.12
科图分类:
主题词: 服装--简介--世界
电子资源:
ISBN: 7-80040-558-3
000 00832oam2 2200253 45
001 012001068901
005 20050308110643.5
010    @a7-80040-558-3@dCNY36.00
100    @a20010829d2001 em y0chiy0121 ea
101 0  @achi
102    @aCN@b110000
105    @aa z 000yd
200 1  @a服装@Afu zhuang@e现代霓裳传说@EXian Dai Ni Shang Chuan Shuo@f汪洋编著@FWang Yang Bian Zhu
210    @a北京@c昆仑出版社@d2001
215    @a157页@c照片@d21cm
225 2  @a时尚品味丛书
330    @a本书以精美的图片和文字,描述20个顶级服装名牌的历史发展,名人故事,解析它们的商业品格和文化气质。
410    @12001 @a时尚品味丛书
517    @a现代霓裳传说@AXian Dai Ni Shang Chuan Shuo
606 0  @a服装@x简介@y世界
690    @aTS941.12@v4
701  0 @a汪洋@4编著
801  0 @aCN@bNLC@c20010831
905    @b344051-055@dTS941.12@e24@f5
    
    服装:现代霓裳传说/汪洋编著.-北京:昆仑出版社,2001
    157页:照片;21cm.-(时尚品味丛书)
    
    
    ISBN 7-80040-558-3:CNY36.00
    本书以精美的图片和文字,描述20个顶级服装名牌的历史发展,名人故事,解析它们的商业品格和文化气质。
●
相关链接 在E读中查询图书 在五车中查询图书 在当当中查询图书 在豆瓣中查询图书


正题名:服装     索取号:TS941.12/24         预约/预借

序号 登录号 条形码 馆藏地/架位号 状态 备注
1 0344051   203440516   第二样本阅览室/ [索取号:TS941.12/24] 在馆    
2 0344052   203440525   第三借阅区/ [索取号:TS941.12/24] 在馆    
3 0344053   203440534   第三借阅区/ [索取号:TS941.12/24] 在馆    
4 0344054   203440543   第三借阅区/ [索取号:TS941.12/24] 在馆    
5 0344055   203440552   第三借阅区/ [索取号:TS941.12/24] 在馆    
唐山师范学院图书馆 欢迎您!
大连网信软件有限公司© 版权所有